Charli D'Amelio Quiz - Statistics

General Stats
  • This quiz has been taken 1,195 times
  • The average score is 7 of 10
Answer Stats
Question Answer % Correct
What is her sister's name? Dixie
99%
When is her birthday? May 1
89%
What color are her eyes? Brown
79%
What is her middle name? Grace
79%
Which of these pop stars has she performed with? Bebe Rexah
76%
How old is Charli? 16
72%
How many followers does she have (as of April 28, 2020) 51 million
67%
How old was she when she started dancing? 3
62%
Where does she live? Connecticut
51%
What is her favorite Dunkin drink? Cold Brew
49%
No matching quizzes found
Score Distribution
Percent of People with Each Score
Percentile by Number Answered
Your Score History
You have not taken this quiz